书目信息 |
| 题名: |
原位改性流体化采矿导论
|
|
| 作者: | 赵阳升 , 梁卫国 , 冯子军 著 | |
| 分册: | ||
| 出版信息: | 北京 科学出版社 2019.03 |
|
| 页数: | xi, 374页 | |
| 开本: | 25cm | |
| 丛书名: | ||
| 单 册: | ||
| 中图分类: | TD8 | |
| 科图分类: | ||
| 主题词: | 矿山开采--kuang shan kai cai | |
| 电子资源: | ||
| ISBN: | 978-7-03-060731-7 | |
| 000 | 01344nam0 2200277 450 | |
| 001 | 0100011168 | |
| 005 | 20190905093952.0 | |
| 010 | @a978-7-03-060731-7@b精装@dCNY169.00 | |
| 100 | @a20190904d2019 em y0chiy50 ea | |
| 101 | 0 | @achi@eeng |
| 102 | @aCN@b110000 | |
| 105 | @aak a 001yy | |
| 106 | @ar | |
| 200 | 1 | @a原位改性流体化采矿导论@Ayuan wei gai xing liu ti hua cai kuang dao lun@f赵阳升, 梁卫国, 冯子军著 |
| 210 | @a北京@c科学出版社@d2019.03 | |
| 215 | @axi, 374页@c图@d25cm | |
| 320 | @a有书目 (第336-372页) 和索引 | |
| 330 | @a全书共11章, 系统论述与介绍了原位改性流体化采矿这一新兴学科领域的理论、实验、技术与工程的各个方面。本书前4章介绍了原位改性流体化采矿的概念与架构、演变多孔介质传输物性规律与理论模型、原位改性技术原理等核心内容。后7章篇幅详细介绍了煤层气、盐矿、油页岩、放射性及有色金属矿产、天然气水合物、低变质煤、干热岩地热等广泛的地质资源与能源原位物理、化学改性的机理、相关工艺与工程实例。书中内容囊括了作者及其学术团队30多年的大量研究成果, 也涵盖了国内外相关研究的最新进展。 | |
| 513 | 1 | @aIntroduction to in-situ modification mining by fluidization@zeng |
| 606 | 0 | @a矿山开采@Akuang shan kai cai |
| 690 | @aTD8@v5 | |
| 701 | 0 | @a赵阳升@Azhao yang sheng@4著 |
| 701 | 0 | @a梁卫国@Aliang wei guo@4著 |
| 701 | 0 | @a冯子军@Afeng zi jun@4著 |
| 801 | 0 | @aCN@c20190905 |
| 905 | @a河南城建学院图书馆@dTD8@eZ346 | |
| 原位改性流体化采矿导论/赵阳升, 梁卫国, 冯子军著.-北京:科学出版社,2019.03 |
| xi, 374页:图;25cm |
| ISBN 978-7-03-060731-7(精装):CNY169.00 |
| 全书共11章, 系统论述与介绍了原位改性流体化采矿这一新兴学科领域的理论、实验、技术与工程的各个方面。本书前4章介绍了原位改性流体化采矿的概念与架构、演变多孔介质传输物性规律与理论模型、原位改性技术原理等核心内容。后7章篇幅详细介绍了煤层气、盐矿、油页岩、放射性及有色金属矿产、天然气水合物、低变质煤、干热岩地热等广泛的地质资源与能源原位物理、化学改性的机理、相关工艺与工程实例。书中内容囊括了作者及其学术团队30多年的大量研究成果, 也涵盖了国内外相关研究的最新进展。 |
| ● |
| 相关链接 |
|
|
|
正题名:原位改性流体化采矿导论
索取号:TD8/Z346
 
预约/预借
| 序号 | 登录号 | 条形码 | 馆藏地/架位号 | 状态 | 备注 |
| 1 | 1439523 | 214395233 | 自科库501/501自科库 21排3列5层/ [索取号:TD8/Z346] | 在馆 |